000
00311nam a22001457a 4500
005
20240220124919.0
008
160629b xxu||||| |||| 00| 0 eng d
041
_a
eng
082
_b
10980
245
_a
The Journal of Entrepreneurship
260
_b
Sage
300
_a
98
650
_a
Management
942
_c
BK
999
_c
4586
_d
4584